Digital telephony (Record no. 3592)

000 -LEADER
fixed length control field 00571nam a2200217 a 4500
001 - CONTROL NUMBER
control field 3592
003 - CONTROL NUMBER IDENTIFIER
control field BD-DhUET
008 - FIXED-LENGTH DATA ELEMENTS--GENERAL INFORMATION
fixed length control field 900501s1991 nyua b 001 0 eng
020 ## - INTERNATIONAL STANDARD BOOK NUMBER
International Standard Book Number 0471620564
040 ## - CATALOGING SOURCE
Original cataloging agency DLC
Transcribing agency DLC
Modifying agency BD-DhUET
082 ## - DEWEY DECIMAL CLASSIFICATION NUMBER
Classification number 623.85
Item number BEL/1991
100 ## - MAIN ENTRY--PERSONAL NAME
Personal name Bellamy, John
245 10 - TITLE STATEMENT
Title Digital telephony
250 ## - EDITION STATEMENT
Edition statement 2nd ed.
260 ## - PUBLICATION, DISTRIBUTION, ETC. (IMPRINT)
Place of publication, distribution, etc. New York
Name of publisher, distributor, etc. John wiley & sons
Date of publication, distribution, etc. 1991
300 ## - PHYSICAL DESCRIPTION
Extent xix, 572 p.
Other physical details ill.
Dimensions 25 cm.
490 ## - SERIES STATEMENT
Series statement Wiley Series in telecommunications
504 ## - BIBLIOGRAPHY, ETC. NOTE
Bibliography, etc Includes bibliographies
650 #0 - SUBJECT ADDED ENTRY--TOPICAL TERM
Topical term or geographic name as entry element Digital telephony
942 ## - ADDED ENTRY ELEMENTS (KOHA)
Koha item type General Book
Holdings
Piece designation (barcode) Koha date last borrowed Not for loan Koha item type Shelving location Price effective from Date acquired Withdrawn status Location (home branch) Source of classification or shelving scheme Koha issues (times borrowed) Koha date last seen Sublocation or collection (holding branch) Lost status Copy number Damaged status Koha full call number Koha normalized classification for sorting
836182015-10-10 General BookCirculation section2014-11-022014-11-02 Central Library, BUET 22016-02-06Central Library, BUET 1 623.85/BEL/1991623_000000000000000_85BEL1991
83620  General BookCirculation section2014-11-022014-11-02 Central Library, BUET  2017-08-26Central Library, BUET 2 623.85/BEL/1991623_000000000000000_85BEL1991
83623  General BookCirculation section2014-11-022014-11-02 Central Library, BUET  2017-08-16Central Library, BUET 3 623.85/BEL/1991623_000000000000000_85BEL1991
863392023-03-07 General BookCirculation section2014-11-022014-11-02 Central Library, BUET 22024-02-20Central Library, BUET 4 623.85/BEL/1991623_850000000000000_BEL_1991
87594  Reading ItemReading section2015-07-012015-07-01 Central Library, BUET  2015-07-01Central Library, BUET 5 623.85/BEL/1991623_850000000000000_BEL_1991
83563  Rental ItemRental section2024-12-091992-06-06 Central Library, BUET  2024-12-09Central Library, BUET ক-১ 623.85 BEL/1991623_850000000000000_BEL_1991
83564  Rental ItemRental section2024-12-091992-06-06 Central Library, BUET  2024-12-09Central Library, BUET ক-২ 623.85 BEL/1991623_850000000000000_BEL_1991
83565  Rental ItemRental section2024-12-091992-06-06 Central Library, BUET  2024-12-09Central Library, BUET ক-৩ 623.85 BEL/1991623_850000000000000_BEL_1991
83566  Rental ItemRental section2024-12-091992-06-06 Central Library, BUET  2024-12-09Central Library, BUET ক-৪ 623.85 BEL/1991623_850000000000000_BEL_1991
83567  Rental ItemRental section2024-12-091992-06-06 Central Library, BUET  2024-12-09Central Library, BUET ক-৫ 623.85 BEL/1991623_850000000000000_BEL_1991
83568  Rental ItemRental section2024-12-091992-06-06 Central Library, BUET  2024-12-09Central Library, BUET ক-৬ 623.85 BEL/1991623_850000000000000_BEL_1991
83569  Rental ItemRental section2024-12-091992-06-06 Central Library, BUET  2024-12-09Central Library, BUET ক-৭ 623.85 BEL/1991623_850000000000000_BEL_1991
83570  Rental ItemRental section2024-12-091992-06-06 Central Library, BUET  2024-12-09Central Library, BUET ক-৮ 623.85 BEL/1991623_850000000000000_BEL_1991
83571  Rental ItemRental section2024-12-091992-06-06 Central Library, BUET  2024-12-09Central Library, BUET ক-৯ 623.85 BEL/1991623_850000000000000_BEL_1991
83572  Rental ItemRental section2024-12-091992-06-06 Central Library, BUET  2024-12-09Central Library, BUET ক-১০ 623.85 BEL/1991623_850000000000000_BEL_1991
83573  Rental ItemRental section2024-12-091992-06-06 Central Library, BUET  2024-12-09Central Library, BUET ক-১১ 623.85 BEL/1991623_850000000000000_BEL_1991
83574  Rental ItemRental section2024-12-091992-06-06 Central Library, BUET  2024-12-09Central Library, BUET ক-১২ 623.85 BEL/1991623_850000000000000_BEL_1991
83575  Rental ItemRental section2024-12-091992-06-06 Central Library, BUET  2024-12-09Central Library, BUET ক-১৩ 623.85 BEL/1991623_850000000000000_BEL_1991
83576  Rental ItemRental section2024-12-091992-06-06 Central Library, BUET  2024-12-09Central Library, BUET ক-১৪ 623.85 BEL/1991623_850000000000000_BEL_1991
83577  Rental ItemRental section2024-12-091992-06-06 Central Library, BUET  2024-12-09Central Library, BUET ক-১৫ 623.85 BEL/1991623_850000000000000_BEL_1991